Представление документа в формате MARC21

Поле Инд. ПП Название Значение
Тип записи m
Библиографический уровень m
001 Контрольный номер 9875c0abd3b34d819f25faafda4e91a6
003 RU/IS/BASE/723747186
005 Дата корректировки 20240325105449.2
008 Кодируемые данные 240215 ru rus u
020 a ISBN 978-5-4222-0485-4
040 a Служба первич. каталог. Б-ка МАГУ
e Правила каталог. PSBO
041 0_ a Код языка текста рус/rus
084 a Индекс другой классификации/Индекс ББК 74.480.278я43+81я43+76.0я43
203 a Вид содержания Текст
c Тип средства электронный
245 10 a Заглавие Молодая наука Арктики
b Продолж. заглавия материалы научно-практической конференции обучающихся Института лингвистики МАГУ, 20–28 апреля 2022 года
c Ответственность Министерство науки и высшего образования Российской Федерации, Мурманский арктический государственный университет ; редколлегия: Е. Н. Квасюк, О. В. Саватеева, С. А. Виноградова
h Физич. носитель Электронный ресурс
260 a Место издания Мурманск
b Издательство МАГУ
c Дата издания 2022
500 a Примечание Электрон. текстовые дан. (файл : 3,7 Мб)
500 a Примечание URL: https://elib.mauniver.ru/2024/MASU/SB_26.pdf
500 a Примечание Доступ из локальной сети Мурманского арктического университета. - Загл. с экрана
504 a Библиография Библиогр. в конце ст.
520 0_ a Аннотация Сборник состоит из разделов актуальные проблемы лингвистики и переводоведения, актуальные проблемы методики преподавания иностранных языков, актуальные вопросы русской филологии и методики преподавания филологических дисциплин, актуальные проблемы журналистики. Издание адресовано бакалаврам, магистрантам, аспирантам, учителям, преподавателям вузов, а также всем тем, кто интересуется проблемами современного языкознания, методики обучения иностранным языкам, русской филологии и журналистики
650 04 a Основная рубрика Высшее образование-Мурманская область-Сборники
650 04 a Основная рубрика Литературоведение-Сборники
650 04 a Основная рубрика Журналистика-Сборники
650 04 a Основная рубрика Филологические науки-Сборники
651 _4 a Географическое наименование Арктика
651 _4 a Географическое наименование Германия
653 0_ a Ключевые слова МАГУ
a Ключевые слова Материалы конференций
a Ключевые слова Мурманский арктический государственный университет
a Ключевые слова Сборники научных статей
a Ключевые слова Студенты
653 0_ a Ключевые слова Иностранные языки
a Ключевые слова Исследования арктические
a Ключевые слова Переводоведение
653 0_ a Ключевые слова История Германии
a Ключевые слова Культура Германии
a Ключевые слова Страноведение
653 0_ a Ключевые слова Литературоведение
a Ключевые слова Русская литература
653 0_ a Ключевые слова Журналистика
a Ключевые слова СМИ
a Ключевые слова Средства массовой информации
a Ключевые слова Филологические науки
653 0_ a Ключевые слова Арктический регион
a Ключевые слова Электронные версии
700 1_ a Другие авторы Квасюк Е. Н.
e Роль лиц отв. ред.
710 12 a Организация/ юрисдикция Мурманский арктический государственный университет
856 40 u URL https://elib.mauniver.ru/2024/MASU/SB_26.pdf
901 t Тип документа m